Responses for Show #1165 - Friday, September 29, 1989

Contestants

[<< previous game]

Dale Ragus, a real estate broker from New York City, New York

Dan Boehme, a real estate marketing agent originally from New Orleans, Louisiana

Norm Burger, a manufacturing operations specialist originally from Watertown, Massachusetts (whose 2-day cash winnings total $13,801)

[next game >>]

Jeopardy! Round responses

STARTS WITH "P"
IN THE NEWS
FICTION
LAW
ANATOMY
NAME THAT MUSICAL
    $100 6
Emily Post

Norm
    $100 23
Oliver North

Dan
    $100 21
Of Mice and Men

Triple Stumper
    $100 11
the attorney general

Dale
    $100 1
your reflex

Norm
    $100 16
Damn Yankees

Dale
    $200 7
the Preamble

Dan
    $200 24
(Dale: Who are the Edmonton Oilers?)

Calgary (Flames)

DanDale
    $200 22
The Magnificent Ambersons

Dan
    $200 12
a will

Norm
    $200 2
the bicep

Norm
    $200 17
Guys and Dolls

Norm
    $300 8
picayune

Dan
    $300 25
Christine Keeler

Norm
    $300 29
Oliver Twist

Dale
    $300 13
the bankruptcy code

Dale
    $300 3
(Alex: [*]. The ear drum.)

a membrane

Dan
    $300 18
How to Succeed in Business Without Really Trying

Dale
    $400 9
Pontius Pilate

Dan
    $400 26
(Dan: Who was Boesky?)
(Norm: Who was Michael Miliken?)
(Alex: We've got a minute left in the round.)

Michael Milken

NormDanDale
    $400 28
Beowulf

Dale
    $400 14
a ward

Dale
    $500 4
a spinal tap

Dan
    $400 19
A Funny Thing Happened on the Way to the Forum

Dale
    $500 10
the Painted Desert

Norm
    $500 30
the Exxon Valdez

Dan
    $500 27
(William) Faulkner

Dale
    $500 15
(Dan: What is a grand jury?)

a coroner's jury

DanDale
    $500 5
the femur

Dan
    $500 20
Finian's Rainbow

Norm

Scores at the first commercial break (after clue 15):

Norm Dan Dale
$1,100 $1,700 $1,300

Scores at the end of the Jeopardy! Round:

Norm Dan Dale
$1,700 $2,300 $3,500

Double Jeopardy! Round responses

PRESIDENTIAL RELATIVES
COMPOSERS
WORD ORIGINS
MOTHER GOOSE
CANADA
AWARD-WINNERS
    $200 17
Samuel Adams

Dale
    $200 1
Frederick Loewe

Dale
    $200 12
ruckus

Norm
    $200 2
Knave of Hearts

Dan
    $200 25
Quebec

Dale
    $200 7
Barbara Walters

Dale
    $400 18
George Bush

Dan
    $400 21
Russia

Dan
    $400 13
(Alex: The liquor to which we referred to was the rum.)

rumba

Triple Stumper
    $400 3
his nightgown

Dale
    $400 26
Newfoundland

Dale
    $400 8
Kate Smith

Norm
    $600 19
David Eisenhower

Dale
    $600 22
Scotland

Norm
    $600 14
minaret

Dan
    $600 4
(Alex: Or she lives there still -- we'll accept that.)

she's there still

Dale
    $600 27
Nova Scotia

Dale
    $600 9
Betty White

Triple Stumper
    $800 20
Peter Lawford

Norm
    $800 23
Frederic Chopin

Dale
    $1,500 15
(Alex: From "corpus".)

corpulent

Dan
    $800 5
Friday's child

Triple Stumper
    $800 28
"Dangerous" Dan McGrew

Triple Stumper
    $500 10
(Alex: "Killing Me Softly with His Song".)

Roberta Flack

Norm
    $1000 24
Lincoln

Dale
    $1000 30
(Norm: Who was Schubert?)

Franz Lehar

NormDale
    $1000 16
pomade

Dan
    $1000 6
(Alex: Dan, you're getting a kick out of this, huh? You're glad we're through with this category!)

Little Tommy Stout

Triple Stumper
    $1000 29
Jasper National Park

Triple Stumper
    $1000 11
Lily Tomlin

Norm

Scores at the end of the Double Jeopardy! Round:

Norm Dan Dale
$4,200 $6,400 $9,700

[wagering suggestions for these scores]

Final Jeopardy! Round responses

WORLD CAPITALS
NormWhat is Istanbul?
$3,000
DanWhat is Baghdad?
$2,100
DaleWhat is Baghdad?
$3,101
Baghdad, Iraq

Final scores:

Norm Dan Dale
$1,200 $8,500 $12,801
3rd place: Gibson portable dishwasher 2nd place: Berkline Super Motion Wall-Away sofa + Sunset Southwestern smoke-finished table lamp New champion: $12,801

Game dynamics:

Coryat scores:

Norm Dan Dale
$4,500 $5,600 $9,700
14 R
(including 1 DD),
2 W
16 R
(including 2 DDs),
2 W
23 R,
1 W

Combined Coryat: $19,800

[game clues] [game scores] [suggest correction]

Game tape date: 1989-06-19
The J! Archive is created by fans, for fans. Scraping, republication, monetization, and malicious use prohibited; this site may use cookies and collect identifying information. See terms. The Jeopardy! game show and all elements thereof, including but not limited to copyright and trademark thereto, are the property of Jeopardy Productions, Inc. and are protected under law. This website is not affiliated with, sponsored by, or operated by Jeopardy Productions, Inc. Join the discussion at JBoard.tv.